Working with Zia : (Record no. 542551)

000 -LEADER
fixed length control field 00538cam a2200157 a 4500
020 ## - INTERNATIONAL STANDARD BOOK NUMBER
International Standard Book Number 0195775708
082 00 - DEWEY DECIMAL CLASSIFICATION NUMBER
Classification number 954.9105
Author Mark ARI
-- L-28, P-152
100 1# - MAIN ENTRY--PERSONAL NAME
Personal name Arif, K. M.
9 (RLIN) 37756
245 10 - TITLE STATEMENT
Title Working with Zia :
Remainder of title Pakistan's power politics, 1977-1988 /
Statement of responsibility, etc. Khalid Mahmud Arif.
260 ## - PUBLICATION, DISTRIBUTION, ETC.
Place of publication, distribution, etc. Karachi :
Name of publisher, distributor, etc. Oxford University Press,
Date of publication, distribution, etc. 1995.
300 ## - PHYSICAL DESCRIPTION
Extent xx, 435 p. :
Other physical details ill. ;
Dimensions 23 cm.
526 ## - STUDY PROGRAM INFORMATION NOTE
Program name 0
Interest level 0
Reading level 0
Title point value 954_910500000000000_ARI
650 ## - SUBJECT ADDED ENTRY--TOPICAL TERM
Topical term or geographic name entry element MCE
9 (RLIN) 379
856 42 - ELECTRONIC LOCATION AND ACCESS
Uniform Resource Identifier <a href="http://www.loc.gov/catdir/enhancements/fy0639/95930654-d.html">http://www.loc.gov/catdir/enhancements/fy0639/95930654-d.html</a>
942 ## - ADDED ENTRY ELEMENTS (KOHA)
Source of classification or shelving scheme
Koha item type Book
Holdings
Withdrawn status Lost status Source of classification or shelving scheme Damaged status Not for loan Permanent Location Current Location Date acquired Total Checkouts Full call number Barcode Date last seen Price effective from Koha item type
          Military College of Engineering (MCE) Military College of Engineering (MCE) 02/03/2014   954.9105 ARI MCE-32555 02/03/2014 02/03/2014 Book
© 2023 Central Library, National University of Sciences and Technology. All Rights Reserved.